| 000 | 004480000a22001690004500 | ||
|---|---|---|---|
| 041 | 0 | _aSPA | |
| 082 | 0 | 4 | _aG 282.3 V139i |
| 100 | 1 | _aValbuena, Miguel | |
| 245 | 1 | 0 | _aLa Iglesia Católica ante la Biblia y la historia / Miguel Valbuena |
| 260 | _aChicago, ILL., USA : Moody | ||
| 300 | _a352 Pag | ||
| 001 | 8710 | ||
| 942 | _cBK | ||
| 999 |
_c38834 _d38834 |
||
| 336 |
_atexto _btxt _2rdacontent |
||
| 337 |
_2rdamedia _asin mediación _bn |
||
| 338 |
_2rdacarrier _avolumen _bnc |
||